| 000 | 00000nam##2200000za#4500 |
| 001 | 9.692579 |
| 003 | CaOODSP |
| 005 | 20210624233258 |
| 007 | cr ||||||||||| |
| 008 | 150407|2009||||xxc|||||o f|0| 0 eng|d |
| 020 | |a978-1-100-13702-5 |
| 040 | |aCaOODSP|beng |
| 043 | |an-cn--- |
| 086 | 1 |aCi4-24/2009E-PDF |
| 110 | 1 |aCanada.|bCitizenship and Immigration Canada. |bCitizenship and Multiculturalism Branch. |
| 245 | 10|aPreserving and promoting : |h[electronic resource]|bblack cultural heritage in Canada |
| 260 | |aOttawa - Ontario : |bCitizenship and Immigration Canada. |c2009. |
| 300 | |a28p.|btables |
| 500 | |a"A 2009 Black History Month Initiative" - on cover. |
| 590 | |a10-06|b2010-02-12 |
| 775 | 08|tPréserver et promouvoir le patrimoine culturel des Noirs au Canada |w(CaOODSP)9.636846 |
| 856 | 40|ahttp://publications.gc.ca|qPDF|s1046 KB|uhttps://publications.gc.ca/collections/collection_2010/pc-ch/Ci4-24-2009-eng.pdf |
| 986 | |aC&I-1048-09-09 |